| 000 | 00496nam a2200181 a 4500 | ||
|---|---|---|---|
| 005 | 20210223124041.0 | ||
| 008 | 991125n 000 0 spa u | ||
| 035 | _aUPN01000103108 | ||
| 100 | 1 |
_aGervilla Castillo, Enrique _937733 |
|
| 222 | _aREVISTA ESPAÑOLA DE PEDAGOGIA | ||
| 245 | _aUn modelo axiológico de educación integral | ||
| 300 | _a39-57 | ||
| 362 | 0 | _a2000 Vol. 58, no. 215, ene.-abr. | |
| 653 | 0 | _aHOMBRE | |
| 653 | 0 | _aVALORES | |
| 904 |
_aAC _b040919 |
||
| 905 | _aArticulo | ||
| 999 |
_c78492 _d78492 |
||